[Event "2nd Las Palmas it"]
[Site "Las Palmas ESP"]
[Date "1973.04.04"]
[Round "3"]
[White "Diez del Corral Rivas, Jesus"]
[Black "Hug, Werner"]
[WhiteElo "2495"]
[BlackElo "2440"]
[Result "1/2-1/2"]
[EventDate "1973.04.02"]
[PlyCount "70"]

1.d4 Nf6 2.c4 d6 3.Nc3 Nbd7 4.e4 e5 5.Nf3 Be7 6.Be2 O-O 7.O-O c6 8.Re1 Re8
9.Bf1 Bf8 10.d5 a5 11.b3 Nc5 12.Rb1 Bd7 13.a3 cxd5 14.cxd5 Qb8 15.a4 g6 
16.Bg5 Be7 17.h3 Qd8 18.Bc1 Bf8 19.Nd2 Bh6 20.Nc4 Bxc1 21.Qxc1 Qc7 22.f4 
exf4 23.Qxf4 Ncxe4 24.Nxe4 Nxe4 25.Rxe4 Rxe4 26.Qxe4 Bf5 27.Qe1 Qc5+ 28.
Kh1 Bxb1 29.Qxb1 Re8 30.Qd3 Re1 31.Qf3 f5 32.g4 fxg4 33.hxg4 Re8 34.Qc3 
Qxd5+ 35.Bg2 Qg5 1/2-1/2

[Event "2nd Las Palmas it"]
[Site "Las Palmas ESP"]
[Date "1973.04.04"]
[Round "3"]
[White "Gheorghiu, Florin"]
[Black "Ljubojevic, Ljubomir"]
[WhiteElo "2550"]
[BlackElo "2565"]
[Result "1/2-1/2"]
[EventDate "1973.04.02"]
[PlyCount "46"]

1.Nf3 Nf6 2.c4 b6 3.g3 Bb7 4.Bg2 c5 5.O-O g6 6.b3 Bg7 7.Bb2 O-O 8.Nc3 Na6 
9.Rc1 d6 10.d4 Qd7 11.e3 Rad8 12.Qe2 Qc8 13.Rfd1 Qa8 14.d5 Nc7 15.Re1 b5 
16.e4 bxc4 17.bxc4 Nd7 18.Rb1 Rb8 19.Nb5 Nxb5 20.Bxg7 Kxg7 21.Rxb5 Ba6 22.
Rb3 f6 23.Reb1 Rxb3 1/2-1/2

[Event "2nd Las Palmas it"]
[Site "Las Palmas ESP"]
[Date "1973.04.08"]
[Round "6"]
[White "Panno, Oscar"]
[Black "Ree, Hans"]
[WhiteElo "2585"]
[BlackElo "2440"]
[Result "1/2-1/2"]
[EventDate "1973.04.02"]
[PlyCount "46"]

1.c4 c5 2.Nf3 g6 3.d4 cxd4 4.Nxd4 Nc6 5.e4 Nf6 6.Nc3 Nxd4 7.Qxd4 d6 8.Be2 
Bg7 9.O-O O-O 10.Qe3 Be6 11.Rd1 Qb6 12.Qxb6 axb6 13.Be3 Rfc8 14.b3 b5 15.
Nxb5 Nxe4 16.Bd4 Bd7 17.Bxg7 Kxg7 18.Bf3 Bxb5 19.Bxe4 Bc6 20.Bxc6 bxc6 21.
Rd2 Ra6 22.Rb1 Rca8 23.Rbb2 c5 1/2-1/2

[Event "2nd Las Palmas it"]
[Site "Las Palmas ESP"]
[Date "1973.04.10"]
[Round "7"]
[White "Petrosian, Tigran"]
[Black "Darga, Klaus"]
[WhiteElo "2640"]
[BlackElo "2500"]
[Result "1/2-1/2"]
[EventDate "1973.04.02"]
[PlyCount "28"]

1.Nf3 Nf6 2.c4 b6 3.d3 c5 4.Nc3 Nc6 5.g3 Bb7 6.Bg2 e6 7.O-O Be7 8.e4 d6 9.
Ne1 O-O 10.f4 Ne8 11.g4 Nc7 12.Nf3 d5 13.f5 dxc4 14.dxc4 Bf6 1/2-1/2

[Event "2nd Las Palmas it"]
[Site "Las Palmas ESP"]
[Date "1973.04.11"]
[Round "8"]
[White "Huguet, Bernard"]
[Black "Ljubojevic, Ljubomir"]
[WhiteElo "2235"]
[BlackElo "2565"]
[Result "0-1"]
[EventDate "1973.04.02"]
[PlyCount "78"]

1.Nf3 Nf6 2.c4 b6 3.g3 Bb7 4.Bg2 e6 5.O-O Be7 6.b3 O-O 7.Bb2 d5 8.d3 c5 9.
Nbd2 Nc6 10.Qc2 d4 11.Rad1 Qd7 12.Qc1 Rad8 13.Ne1 Qc7 14.Nc2 Rfe8 15.Qa1 
e5 16.Nf3 a6 17.e3 Nd7 18.exd4 cxd4 19.Rfe1 f5 20.Re2 Bf6 21.b4 b5 22.cxb5
axb5 23.a4 bxa4 24.Qxa4 Nb6 25.Qb3+ Kh8 26.Nd2 Ne7 27.Bxb7 Qxb7 28.f3 Ng6 
29.Ra1 Bg5 30.Kf2 Bxd2 31.Rxd2 f4 32.g4 Nh4 33.Ne1 Nd5 34.Bc1 Ne3 35.Rda2 
Nxg4+ 36.fxg4 Qh1 37.Ra7 Qxh2+ 38.Kf1 e4 39.Qd1 e3 0-1

[Event "2nd Las Palmas it"]
[Site "Las Palmas ESP"]
[Date "1973.04.12"]
[Round "9"]
[White "Darga, Klaus"]
[Black "Andersson, Ulf"]
[WhiteElo "2500"]
[BlackElo "2555"]
[Result "0-1"]
[EventDate "1973.04.02"]
[PlyCount "108"]

1.e4 e6 2.d4 d5 3.Nd2 c5 4.exd5 Qxd5 5.Ngf3 Nf6 6.Bc4 Qd8 7.O-O cxd4 8.Nb3
Nc6 9.Nbxd4 Nxd4 10.Qxd4 Qxd4 11.Nxd4 a6 12.Bf4 Bc5 13.Nb3 Bb6 14.Be2 Bd7 
15.Bf3 O-O-O 16.Be3 Bxe3 17.fxe3 Kc7 18.Rad1 Bb5 19.Rfe1 Bc6 20.Nd2 Rhe8 
21.Bxc6 Kxc6 22.Nf3 Rxd1 23.Rxd1 e5 24.Kf2 Ne4+ 25.Ke2 f6 26.g4 Nc5 27.c4 
Na4 28.Rd2 Kc7 29.Kd1 Re6 30.Kc2 Rc6 31.b3 Nc5 32.Rg2 Ne4 33.Nd2 Nd6 34.e4
b5 35.g5 bxc4 36.gxf6 cxb3+ 37.Kxb3 Rb6+ 38.Kc2 gxf6 39.Rg7+ Kd8 40.Rxh7 
Rb4 41.Rh3 Ke7 42.Re3 Kf7 43.Kc3 a5 44.Kc2 Nb5 45.Re1 Ra4 46.Kb2 Ra3 47.
Nf1 Rf3 48.Ne3 Rf2+ 49.Kb3 Nd4+ 50.Kc4 Rxa2 51.Rf1 Ra4+ 52.Kd5 Ne2 53.Kc5 
Nc3 54.Nc4 Nxe4+ 0-1

[Event "2nd Las Palmas it"]
[Site "Las Palmas ESP"]
[Date "1973.04.12"]
[Round "9"]
[White "Ree, Hans"]
[Black "Diez del Corral Rivas, Jesus"]
[WhiteElo "2440"]
[BlackElo "2495"]
[Result "1/2-1/2"]
[EventDate "1973.04.02"]
[PlyCount "113"]

1.c4 Nf6 2.Nc3 e6 3.e4 c5 4.e5 Ng8 5.Nf3 Nc6 6.d4 Nxd4 7.Nxd4 cxd4 8.Qxd4 
Ne7 9.Bf4 Nc6 10.Qe3 b6 11.Be2 Bb7 12.O-O Be7 13.Rad1 O-O 14.Ne4 Na5 15.
Rd2 Bxe4 16.Qxe4 Qc7 17.Rfd1 Rad8 18.b3 Nb7 19.Bf3 Nc5 20.Qe3 a5 21.g3 Na6
22.h4 Bb4 23.Rd3 Bc5 24.Qd2 Bb4 25.Qb2 Be7 26.h5 h6 27.Qd2 Nc5 28.Rd4 Kh7 
29.a3 g5 30.hxg6+ fxg6 31.Qc2 Kg7 32.Bg2 a4 33.b4 Nb3 34.Re4 Bg5 35.Bxg5 
hxg5 36.Rd6 Rf7 37.Re2 Rc8 38.Re4 Rcf8 39.Qd3 Re7 40.Qe3 Rf5 41.Rxb6 Nd2 
42.g4 Rff7 43.Qxd2 Qxb6 44.c5 Qb5 45.Qxg5 Qd3 46.Re3 Qd2 47.Qh4 Kf8 48.Bf1
Rh7 49.Qg3 Qc1 50.Qg2 Ref7 51.Qa8+ Kg7 52.Qe4 Rf8 53.Rd3 Kg8 54.Rf3 Rxf3 
55.Qxf3 Rf7 56.Qe3 Qd1 57.Qe4 1/2-1/2

[Event "2nd Las Palmas it"]
[Site "Las Palmas ESP"]
[Date "1973.04.15"]
[Round "11"]
[White "Gheorghiu, Florin"]
[Black "Diez del Corral Rivas, Jesus"]
[WhiteElo "2550"]
[BlackElo "2495"]
[Result "0-1"]
[EventDate "1973.04.02"]
[PlyCount "72"]

1.c4 Nf6 2.Nc3 g6 3.e4 d6 4.d4 Bg7 5.Nf3 O-O 6.Be2 e5 7.Be3 Qe7 8.d5 Ng4 
9.Bg5 f6 10.Bh4 h5 11.Nd2 a5 12.h3 Nh6 13.f3 Na6 14.a3 Bd7 15.Rb1 Nc5 16.
b4 axb4 17.axb4 Na4 18.Nxa4 Rxa4 19.Bf2 Nf7 20.c5 Rfa8 21.Nc4 Ra2 22.cxd6 
Nxd6 23.Nxd6 cxd6 24.Bc4 Ba4 25.Bb3 Bxb3 26.Qxb3 Qc7 27.O-O R8a3 28.Qd1 
Bh6 29.b5 Qc4 30.b6 Rd3 31.Rb4 Qa6 32.Qb1 Rdd2 33.Qb3 Qxf1+ 34.Kxf1 Rxf2+ 
35.Kg1 Rxg2+ 36.Kh1 Rgc2 0-1